| 000 | 00832cam a2200229 4500 | ||
|---|---|---|---|
| 001 | WB3649-03 | ||
| 008 | 000000n2000 000 0 eng u | ||
| 035 | _a(Sirsi) u109946 | ||
| 245 | _aContractors dispute costs | ||
| 260 | _c2000 | ||
| 490 |
_aConstruction News _v(6695) 7 December 2000, 5(1) |
||
| 520 | _aA survey by the Civil Engineering Contractors Association finds contractors' costs in the civil engineering sector are rising more steeply than increases given in official materials price indices. Table. | ||
| 590 | _aWB | ||
| 650 | _aCIVIL ENGINEERING CONTRACTORS ASSOCIATION | ||
| 650 | _aCIVIL ENGINEERING SECTOR | ||
| 650 | _aMATERIALS PRICES | ||
| 650 | _aPRICE INDICES | ||
| 650 | _aBUILT ENVIRONMENT-BUILDING COSTS | ||
| 650 | _aSTEEL | ||
| 690 | _aBUILT ENVIRONMENT-BUILDING MATERIALS | ||
| 942 | _n0 | ||
| 999 |
_c65580 _d65580 |
||